国际收支, 国际经济政策理论, 第一卷 (Record no. 47073)

000 -LEADER
fixed length control field 00557nam a22001937a 4500
003 - CONTROL NUMBER IDENTIFIER
control field MPLRDC
005 - DATE AND TIME OF LATEST TRANSACTION
control field 20220104144154.0
008 - FIXED-LENGTH DATA ELEMENTS--GENERAL INFORMATION
fixed length control field 210129b ||||| |||| 00| 0 eng d
020 ## - INTERNATIONAL STANDARD BOOK NUMBER
International Standard Book Number 7-5638-0207-X
082 ## - DEWEY DECIMAL CLASSIFICATION NUMBER
Classification number 552.1 MEA
100 ## - MAIN ENTRY--PERSONAL NAME
Personal name JAMES EDWARD MEADE
245 ## - TITLE STATEMENT
Title 国际收支, 国际经济政策理论, 第一卷
Statement of responsibility, etc. 李羽中译
250 ## - EDITION STATEMENT
Edition statement 一版一刷
260 ## - PUBLICATION, DISTRIBUTION, ETC.
Place of publication, distribution, etc.
Name of publisher, distributor, etc. 北京经济学院出版社
Date of publication, distribution, etc. 1990
300 ## - PHYSICAL DESCRIPTION
Other physical details
490 ## - SERIES STATEMENT
Series statement 诺贝尔经济学奖获奖者著作丛书
650 ## - SUBJECT ADDED ENTRY--TOPICAL TERM
Topical term or geographic name entry element 国际、世界经济
942 ## - ADDED ENTRY ELEMENTS (KOHA)
Koha item type Book
-- 552.1 MEA
Holdings
Withdrawn status Lost status Source of classification or shelving scheme Damaged status Not for loan Collection code Home library Current library Shelving location Date acquired Cost, normal purchase price Total Checkouts Full call number Barcode Date last seen Date last checked out Price effective from Koha item type Public note
            Malaysian Public Library, Research and Development Centre Malaysian Public Library, Research and Development Centre   10/12/2007 6.75   552.1 MEA 00047232 18/03/2021 12/08/2016 18/03/2021 Book mplrdc

© 2022. Malaysian Public Library, Research and Development Centre. All Right ReservedE-mailmplrdc@help.edu.my 

Powered by Koha